Filmographie James Mangold - Statistiques

Statistiques générales
  • Ce quiz a été pris 10 fois
  • Le résultat moyen est 5 sur 12
Statistiques - réponses
Année Films % Correct
2017 Logan
100%
2019 Le Mans 66
80%
2005 Walk the Line
70%
2023 Indiana Jones et le Cadran de la destinée
60%
2007 3 h 10 pour Yuma
40%
1997 Copland
40%
2013 Wolverine : Le Combat de l'immortel
40%
2001 Kate et Léopold
30%
1995 Heavy
20%
2003 Identity
20%
1999 Une vie volée
20%
2010 Night and Day
10%
Aucun quiz correspondant
Distribution des résultats
% des personnes avec chaque résultat
Percentile par nombre de réponses
Votre historique - résultats
Vous n’avez pas pris ce quiz